000
00310 a2200109 4500
001
ART_18789
005
20260410161920.0
008
260409a
245
1
0
_a
Suspensiones y despidos
100
1
_a
Rubio, Valentín
773
0
_t
La información
_g
- Tomo XXXVII, Nº 580 (abr. 1978)
_w
REV14902
999
_c
27612
_d
27612